Die Dresdener Gemäldegalerie (Record no. 3320)

MARC details
000 -CABECERA
campo de control de longitud fija 00705nam a2200241 a 4500
001 - NÚMERO DE CONTROL
campo de control BRCA_3585
005 - FECHA Y HORA DE LA ÚLTIMA TRANSACCIÓN
campo de control 20190320204337.0
008 - DATOS DE LONGITUD FIJA--INFORMACIÓN GENERAL
campo de control de longitud fija 060809s1962----gw-a---###---#000-0#ger-#
041 ## - CÓDIGO DE LENGUA
Código de lengua del texto/banda sonora o título independiente ger
044 ## - CÓDIGO DEL PAÍS DE LA ENTIDAD EDITORA/PRODUCTORA
Código MARC del país gw
050 #4 - SIGNATURA TOPOGRÁFICA DE LA BIBLIOTECA DEL CONGRESO
Número de clasificación N2280
Número de documento/Ítem .M46 1962
100 1# - ENTRADA PRINCIPAL--NOMBRE DE PERSONA
Nombre de persona Menz, Henner
9 (RLIN) 9304
245 10 - MENCIÓN DE TÍTULO
Título Die Dresdener Gemäldegalerie
Mención de responsabilidad, etc. von Henner Menz.
260 ## - PUBLICACIÓN, DISTRIBUCIÓN, ETC.
Lugar de publicación, distribución, etc. Munchen
Nombre del editor, distribuidor, etc. Droemer
Fecha de publicación, distribución, etc. 1962
300 ## - DESCRIPCIÓN FÍSICA
Extensión 319 p.
Otras características físicas il., 344 láminas (algunas a color)
Dimensiones 22 cm.
440 #0 - MENCIÓN DE SERIE/PUNTO DE ACCESO ADICIONAL--TÍTULO
Título Knaurs Galerien der Welt
9 (RLIN) 9305
500 ## - NOTA GENERAL
Nota general Incluye ídice alfabético y registros de nombres.
500 ## - NOTA GENERAL
Nota general B253
650 14 - PUNTO DE ACCESO ADICIONAL DE MATERIA--TÉRMINO DE MATERIA
Término de materia o nombre geográfico como elemento de entrada Pinturas
Subdivisión general Dresden
9 (RLIN) 9306
650 14 - PUNTO DE ACCESO ADICIONAL DE MATERIA--TÉRMINO DE MATERIA
Término de materia o nombre geográfico como elemento de entrada Galerías y museos
Subdivisión geográfica Alemania
9 (RLIN) 5059
902 ## - CATALOGADOR
Iniciales GFM
942 ## - ELEMENTOS DE PUNTO DE ACCESO ADICIONAL (KOHA)
Fuente del sistema de clasificación o colocación Library of Congress Classification
Tipo de ítem Koha Libros
Holdings
Estado de retiro Estado de pérdida Estado dañado No para préstamo Localización permanente Ubicación/localización actual Fecha de adquisición Número de inventario Total de préstamos Signatura topográfica completa Código de barras Fecha visto por última vez Precio válido a partir de Tipo de ítem Koha
El ejemplar forma parte de la colección y puede ser consultado según las políticas vigentes.       Biblioteca del Museo Franz Mayer (Rogerio Casas-Alatriste) Biblioteca del Museo Franz Mayer (Rogerio Casas-Alatriste) 06/08/2009 B253   N2280 .M46 1962 (B253) 3582 22/03/2019 22/03/2019 Libros